00417nam a22001337a 4500020001500000082001000015100002000025245003700045260005000082300000900132942000700141999001500148952012000163 a9694480396 a327.1 aDr. S.M Koreshi aWestern fundamentalism in action aIslamabadbInstitute of policy studiesc1995. a306p cBK c2720d2720 00102ddc40708NFICaCLbCLcGENd2016-03-16l1m1o327.1 KORpS3H-N-1747r2023-02-07s2019-04-02w2016-03-16yBK